000 00331nam a2200133Ia 4500
005 20260328104303.0
008 260328s9999||||xx |||||||||||||| ||und||
100 _aMartin, Roland
245 0 _aGreece, Architecture of the World /
_cRoland Martin
260 _bTaschen
300 _a192 p.
650 _aARQUITECTURA
942 _cBK
999 _c10646
_d10646